| 000 | 00435cam a22001577a 4500 | ||
|---|---|---|---|
| 008 | 180718b xxu||||| |||| 00| 0 eng d | ||
| 082 | _aZ211 K897gi | ||
| 100 | _aKrishnamurthy, K.H. | ||
| 245 |
_aGinger and turmeric _cby K.H. Krishnamurthy |
||
| 260 |
_aDelhi _bBooks For All _c |
||
| 300 | _a118p. | ||
| 440 | _aHealth series: traditional family medicine | ||
| 650 | _a(Written off) | ||
| 650 | _aMedicine | ||
| 650 | _aFamily medicine | ||
| 999 |
_c400425 _d400425 |
||